Cell culture technology / (Record no. 51293)

MARC details
000 -LEADER
fixed length control field 00627nam a2200229Ia 4500
005 - DATE AND TIME OF LATEST TRANSACTION
control field 20260429111905.0
008 - FIXED-LENGTH DATA ELEMENTS--GENERAL INFORMATION
fixed length control field 260429s9999||||xx |||||||||||||| ||und||
020 ## - INTERNATIONAL STANDARD BOOK NUMBER
International Standard Book Number 9783319748535
041 ## - LANGUAGE CODE
Language English
082 ## - DEWEY DECIMAL CLASSIFICATION NUMBER
Classification number 610.28
Item number KAS
100 ## - MAIN ENTRY--PERSONAL NAME
Personal name Kasper, Cornelia
245 #0 - TITLE STATEMENT
Title Cell culture technology /
Statement of responsibility, etc Cornelia Kasper
250 ## - EDITION STATEMENT
Edition statement 1st ed.
260 ## - PUBLICATION, DISTRIBUTION, ETC. (IMPRINT)
Place of publication, distribution, etc Switzerland :
Name of publisher, distributor, etc Springer,
Date of publication, distribution, etc 2018.
300 ## - PHYSICAL DESCRIPTION
Extent xii, 168p.; pbk
440 ## - SERIES STATEMENT/ADDED ENTRY--TITLE
Title Learning materials in biosciences
650 ## - SUBJECT ADDED ENTRY--TOPICAL TERM
Topical term or geographic name as entry element Biomedical engineering
650 ## - SUBJECT ADDED ENTRY--TOPICAL TERM
Topical term or geographic name as entry element Cell culture
700 ## - ADDED ENTRY--PERSONAL NAME
Personal name Charwat, Verena
700 ## - ADDED ENTRY--PERSONAL NAME
Personal name Lavrentieva, Antonina
942 ## - ADDED ENTRY ELEMENTS (KOHA)
Koha item type Text Books
Holdings
Withdrawn status Lost status Damaged status Not for loan Collection code Home library Location Shelving location Date of Cataloging Source of acquisition Total Checkouts Full call number Barcode Date last seen Price effective from Koha item type
        Non-fiction CUTN Central Library CUTN Central Library Medicine, Technology & Management 29/04/2026 Shanti Books, Chennai - Invoice No. 3099 on 09-02-2026   610.28 KAS 56234 29/04/2026 29/04/2026 Text Books